00664nam a22002177a 450000500170000001000130001702000220003003500130005203700160006504000120008108200160009310000170010924500760012626000370020227000540023930000240029350000500031765000370036765000200040470000220042420170124110101.0 aA-383606 c00.00a8170991358 aA-383606 bCen Lib/Ret aDPLbEN a954.09bIQB aIqbal Narain aIndia :cby Iqbal Narain [and] Surendra K Guptabin the year A.D.2000 / bMittal PublicationsaDelhic1989 a4528/12, Jai Mata Market, TrinagarbDelhie110035 avi,164p. c21cm(Hb) aIncludes bibliographical references and index aIndia -- Economic policy -- 1980 aEconomic policy aGupta, Surendra K